| 000 | 01733cam a22002054a 4500 | ||
|---|---|---|---|
| 005 | 20250605164023.0 | ||
| 008 | 250528s ||||||||||||||||||||||||d | ||
| 035 | _a16413 | ||
| 020 | _a9600101973 | ||
| 040 |
_aGR-AtMCL _bgre _dGR-AtMCL _eAACR2 |
||
| 245 | 1 | _aΛογισμός Πιθανοτήτων | |
| 260 |
_bGutenberg, _c1993 |
||
| 300 | _a194 | ||
| 520 | _aΕισαγωγικές Έννοιες, Στοιχεία Συνδυαστικής, Ενδεχόμενα - Η Έννοια της Πιθανότητας, Πιθανότητες υπό Συνθήκη, Ανεξαρτησία Ενδεχομένων, Τυχαίες Μεταβλητές, Βασικές Έννοιες, Χαρακτηριστικά μιας Τυχαίας Μεταβλητής, Οι Βασικές Κατανομές, Η Κανονική Κατανομή, Η Διωνυμική Κατανομή, Η Κατανομή Poisson, Άλλες Χρήσιμες Ασυνεχείς Κατανομές, Διδιάστατες Κατανομές Πιθανοτήτων, Γενικά για Ζεύγη Μεταβλητών, Χαρακτηριστικά Διδιάστατης Κατανομής, Δεσμευμένες Κατανομές, Πολυδιάστατες Κατανομές - Κατανομές Δειγματοληψίας, Κατανομές Συνόλων Τυχαίων Μεταβλητών, Συναρτήσεις Κ Τυχαίων Μεταβλητών, Γραμμικές Συναρτήσεις Κ Τυχαίων Μεταβλητών, Κατανομές Δειγματοληψίας, Ασκήσεις. | ||
| 700 | 1 |
_aΠαπαμιχαηλ Δ _92505 |
|
| 700 | 1 |
_aΤαμπουρατζής Δ _92506 |
|
| 942 | _cBK | ||
| 999 |
_c1914 _d1914 |
||